000 00366nam a22001577a 4500
005 20180809150045.0
008 160628b xxu||||| |||| 00| 0 eng d
041 _aeng
082 _b10788
_a658.3
100 _aNORONHA, P.A.
_94741
245 _aHuman Resources Management
260 _bSCDL
_apune
300 _a337p,
650 _aManagement
_9241
942 _cBK
999 _c4539
_d4538